|
|
|
|
| LEADER |
00608nam a22001932a 4500 |
| 001 |
000907978 |
| 003 |
CZ BrMZK |
| 005 |
20080810213539.0 |
| 007 |
ta |
| 008 |
080810s1976 ru af er|||||||||||rus d |
| 040 |
|
|
|a BOA001
|b cze
|
| 100 |
1 |
|
|a Brežnev, Leonid Il'jič,
|d 1906-1982
|7 jn19990210130
|4 aut
|
| 245 |
1 |
0 |
|a Leonid Il´jič Brežnev :
|b kratkij biografičeskij očerk
|
| 260 |
|
|
|a Moskva :
|b Politizdat,
|c 1976
|
| 300 |
|
|
|a 207 s., obr. příl.
|
| 910 |
|
|
|a BOA001
|b 1-0770.200
|
| 990 |
|
|
|a BK
|
| 991 |
|
|
|b 200808
|
| 996 |
7 |
|
|b 2619551977
|c 1-0770.200
|l MZK
|r Sklad / do 1 hodiny
|n 0
|w 000907978
|u 000010
|a 1
|e BOA001
|j MZK50
|s A
|